000
00242nam a2200097Ia 4500
001
702837
005
20250826162340.0
008
250824s9999 xx 000 0 und d
245
0
_a
BÜYÜK UMUTLAR
_c
CHARLES DICKENS
260
_b
ANONİM YAYINCILIK
999
_c
702837
_d
702837